000 01098cam a2200325 a 4500
001 2958
003 FISKH
005 20240217081830.0
008 000502s2001 nyu j 000 0aeng
010 _a 00034061
020 _a0385326505
020 _a9780545033350
040 _aDLC
_cDLC
_dDLC
_beng
042 _alcac
043 _an-us---
050 0 0 _aPS3566.A834
_bZ466 2001
082 0 0 _a813/.54
_aB
_221
100 1 _aPaulsen, Gary.
245 1 0 _aGuts :
_bthe true stories behind Hatchet and the Brian books /
_cGary Paulsen
260 _aNew York :
_bScholastic,
_c2001
300 _a148 pages ;
_c20 cm
520 _aThe author relates incidents in his life and how they inspired parts of his books about the character, Brian Robeson.
600 1 0 _aPaulsen, Gary
_vJuvenile literature.
600 1 1 _aPaulsen, Gary.
650 0 _aAuthors, American
_y20th century
_vBiography
_vJuvenile literature.
650 0 _aChildren's stories
_xAuthorship
_vJuvenile literature.
650 1 _aAuthors, American.
906 _a7
_bcbc
_corignew
_d1
_eocip
_f20
_gy-gencatlg
942 _2ddc
_cBK
_n0
999 _c2958
_d2958